El estado mundial de la agricultura y la alimentación 2006

Uloženo v:
Podrobná bibliografie
Korporace: FAO (Autor), Organización de las Naciones Unidas para la Agricultura (Autor)
Médium: Kniha
Jazyk:španělština
Vydáno: Roma FAO 2006
Témata:
Tagy: Přidat tag
Žádné tagy, Buďte první, kdo vytvoří štítek k tomuto záznamu!

MARC

LEADER 00000nam a2200000 a 4500
001 UCI0221
003 CL-VaPUC
008 070427e20060000IT |||||||||||||||||spa|d
020 |a 9253056002 
082 0 4 |a 338.1  |b FAO  |2 21 
110 2 |a FAO  |e author  |9 520334 
710 2 |a Organización de las Naciones Unidas para la Agricultura  |e author  |9 520335 
245 1 3 |a El estado mundial de la agricultura y la alimentación 2006 
300 |a 189 p 
942 |c BK 
945 |d 20070427 00:00:00  |a jtorresc 
260 |a Roma  |b FAO  |c 2006 
650 0 |a Agricultura  |9 255598 
650 7 |a PRODUCCION ALIMENTARIA  |2 CL-VaPUC  |9 341875 
650 7 |a PRODUCTIVIDAD AGRICOLA  |2 CL-VaPUC  |9 264192 
583 |a last modification  |c 20130304 04:20:28  |k Rodrigo Vera 
999 |c 325458  |d 325456 
952 |0 0  |1 0  |4 0  |6 338_100000000000000_FAO_2006  |7 0  |8 A  |9 406402  |a BIBAGR  |b BIBAGR  |d 2019-11-22  |i 4335287  |o 338.1 FAO 2006  |p 4335287  |r 2025-01-20  |w 2019-11-22  |y BK  |k AGR